000 00373nam a2200145Ia 4500
008 230917s9999||||xx |||||||||||||| ||und||
040 _e40452
_aMAIN
041 _aEnglish
082 _a956.9405 P939E
100 _aPrittie, Terence
245 0 _aEshkol of Israel: the man and the nation
260 _aLondon
_bMuseum Press
_c1969
300 _axiv, 368 p.
942 _cBK
999 _c192006
_d192006